Statistiken für Geographie nach Buchstaben - E

Klicken Sie hier um das Quiz zu spielen!

Allgemein

  • Dieses Quiz wurde 232 mal gespielt
  • Das Durchschnittsergebnis liegt bei 13 aus 20

Antwortstatistiken

HinweisAntwort% Korrekt
Das berühmteste Wahrzeichen von ParisEiffelturm
96%
Sie können dieses Land mit der Fähre von Helsinki in 3 Stunden erreichenEstland
89%
Dieser Fluss fließt durch Magdeburg und DresdenElbe
86%
Zentrale RuhrgebietsstadtEssen
84%
<i>Spanien</i>, auf SpanischEspaña
80%
Die Galapagos-Inseln sind ein Teil dieses LandesEcuador
77%
Eines der australischen Nationaltiere (das andere ist ein Känguru)Emu
75%
Währung von LitauenEuro
72%
<i>Irland</i>, auf IrischÉire
68%
Die Flagge dieses Landes ist ein rotes Kreuz auf weißem GrundEngland
66%
Fluss in der Nähe des TigrisEuphrat
66%
Chinas höchster BergEverest
60%
Nationaltier von ThailandElefant
58%
Nationalpark in FloridaEverglades
54%
Längster Fluss in SpanienEbro
53%
Dieser 3967 m hohe Berg hat eine berühmte NordwandEiger
49%
Davon entfallen 39 % auf RusslandEuropa
43%
Europas höchster BergElbrus
42%
Hauptstadt AlbertasEdmonton
37%
Israels nationale FluggesellschaftEl Al
20%

Verteilung der Resultate

Perzentil nach korrekt beantworteten Fragen

Anzahl Personen mit jedem Resultat

Ihre Resultats-Entwicklung

Sie haben dieses Quiz noch nicht gespielt